Vrábeľské regionálne noviny
| New Title: | MY Krajské Nitrianske noviny - Vrábeľské noviny |
|---|---|
| Format: | Newspaper |
| Language: | Undetermined Slovak |
| PhysicalDescription: | [9 zv.] 42-47 cm |
| Published: |
[Nitra]
Masmedia Mesto Vráble
[1996]-43/2004
[Nitra] Masmedia Vráble Petit Press |
| Subjects: |
MARC
| LEADER | 00000cas a2200000 a 4500 | ||
|---|---|---|---|
| 001 | vtls001467178 | ||
| 003 | SK-MaSNL | ||
| 005 | 20260228160900.0 | ||
| 008 | 181121d19962004xo wr n 0 0 0und | ||
| 035 | |a SNK000422483 | ||
| 040 | |a SNK |b slo |c SNK |e AACR2 | ||
| 041 | 0 | |a slo | |
| 043 | |a e-xo--- | ||
| 044 | |a xo |c SK | ||
| 072 | 7 | |a 316.7 |x Sociológia kultúry. Kultúrny život |2 konspekt | |
| 072 | 7 | |a 394 |x Verejný a spoločenský život. Každodenný život |2 konspekt | |
| 072 | 7 | |a 352/354 |x Stupne miestnej, oblastnej a ústrednej správy |2 konspekt | |
| 080 | |a 394 |2 2011 | ||
| 080 | |a (051)+(054)(437.6) |2 2011 | ||
| 080 | |a 050 |2 2011 | ||
| 080 | |a 353.9 |2 2011 | ||
| 080 | |a (437.6) |2 2011 | ||
| 245 | 0 | 0 | |a Vrábeľské regionálne noviny |
| 246 | 1 | |i Názov v tiráži: |a Nitrianske noviny |f 1997-18/2001 | |
| 246 | 1 | |i Názov v tiráži: |a Týždenník Nitrianske noviny |f 32/2000-18/2001 | |
| 246 | 1 | |i Názov v tiráži: |a Krajské Nitrianske noviny |f 19/2001-43/2004 | |
| 246 | 1 | |i Názov v tiráži: |a Týždenník Krajské Nitrianske noviny |f 19/2001-23/2002 | |
| 246 | 1 | 3 | |a Vrábeľské noviny - Nitrianske noviny |f 26/2002, 28/2002-30/2002, 34/2002-7/2003 |
| 246 | 1 | 3 | |a Nitrianske noviny - Vrábeľské noviny |f 8/2003-42/2003 |
| 246 | 1 | 3 | |a Krajské Nitrianske noviny - Vrábeľské noviny |f 43/2003-43/2004 |
| 246 | 3 | 3 | |a Noviny Slovakia |f 43/2003-43/2004 |
| 246 | 3 | 3 | |a Regionálna sieť Korzár |f 2001-23/2002 |
| 246 | 1 | 3 | |a Vrábeľské noviny |f 2001-4/2001 |
| 246 | 1 | 3 | |a Vrábeľské noviny - Krajské Nitrianske noviny |f 5/2001-25/2002, 27/2002, 31/2002-33/2002 |
| 260 | |a [Nitra] |b Masmedia |b Mesto Vráble |c [1996]-43/2004 | ||
| 260 | 2 | |3 1999-27/2000 |a [Nitra] |b Masmedia | |
| 260 | 3 | |3 28/2000-43/2004 |a Vráble |b Petit Press | |
| 300 | |a [9 zv.] |c 42-47 cm | ||
| 310 | |a 1x týždenne | ||
| 362 | 0 | |a [1996]-roč. XIII, č. 43 (2004) | |
| 500 | |a Vychádza ako mutácia Nitrianskych novín | ||
| 500 | |a Popis podľa: Roč. II, č. 1 (1997) | ||
| 500 | |a Reg. č.: OÚ/33/96-N, 2450/2000 | ||
| 500 | |a Zodp. red. sa menia | ||
| 500 | |a Nitrianske noviny patria do divízie Západ, vydavateľskej spoločnosti regionálnych novín Petit Press a Grand Press | ||
| 500 | |a Od č. 26/2002-34/2002 rozmer zv. 47 cm | ||
| 500 | |a Patrí do regionálnej siete Korzár a Noviny Slovakia | ||
| 525 | |a Pravidelná číslovaná športová príloha | ||
| 525 | |a Príloha: od č. 5/2003-2003, Víkend - čítanie pre celú rodinu | ||
| 650 | 0 | 7 | |a územná samospráva |2 SNKPH |9 802 |
| 650 | 0 | 7 | |a každodenný život |2 SNKPH |9 4946 |
| 651 | 7 | |a Vráble (Slovensko) |2 SNKPHgeo |9 16421 | |
| 655 | 7 | |a regionálne periodiká |2 SNKPH |9 131775 | |
| 770 | 0 | |t TV oko |w vtls0011607005 | |
| 785 | 0 | 0 | |t MY Krajské Nitrianske noviny - Vrábeľské noviny |w vtls011825050 |
| 910 | |a snk | ||
| 999 | |c 3833 |d 5763 | ||
| 952 | |0 0 |1 0 |4 0 |7 0 |a SNK |b SNK |d 2018-11-21 |i snkČSP 2382/2000 |l 0 |o snkČSA 1465/2/1997 |p 17A0928100 |r 2026-02-21 22:05:52 |t č. 1-52, neúplné |w 2026-02-21 |y PREZ |z Chýba č. 2, 3, 5, 14-19, 21-24, 27-30, 32-38, 40, 48, 51-52 | ||
| 952 | |0 0 |1 0 |4 0 |7 0 |a SNK |b SNK |d 2018-11-21 |i snkČSP 2381/2000 |l 0 |o snkČSA 1465/3/1998 |p 17A0928140 |r 2026-02-21 22:05:52 |t č. 1-50, neúplné |w 2026-02-21 |y PREZ |z Chýba č. 1, 13, 18, 25-27, 31, 33-34, 36-37, 39-48 | ||
| 952 | |0 0 |1 0 |4 0 |7 0 |a SNK |b SNK |d 2018-11-21 |i snkČSP 1878/2003 |l 0 |o snkČSA 1465/8/1999 |p 17A0928139 |r 2026-02-21 22:05:52 |t č. 1-51, neúplné |w 2026-02-21 |y PREZ |z Chýba č. 1-36, 38-39, 41-42, 47, 50-51 | ||
| 952 | |0 0 |1 0 |4 0 |7 0 |a SNK |b SNK |d 2018-11-22 |i snkČSP 1879/2003 |l 0 |o snkČSA 1465/9/2000 |p 17A0928138 |r 2026-02-21 22:06:05 |t č. 1-52, neúplné |w 2026-02-21 |y PREZ |z Chýba č. 2-4, 18-21, 29, 31, 33 | ||
| 952 | |0 0 |1 0 |4 0 |7 0 |a SNK |b SNK |d 2018-11-22 |i snkČSP 1880/2003 |l 0 |o snkČSA 1465/10/2001 |p 17A0961356 |r 2026-02-21 22:06:05 |t č. 1-52, neúplné |w 2026-02-21 |y PREZ |z Chýba č. 22-24, 49 | ||
| 952 | |0 0 |1 0 |4 0 |7 0 |8 0 |a SNK |b SNK |d 2018-11-22 |i snk2018/24939 |l 0 |o snkČSA 1465/12/2003/2 |p 17A1341404 |r 2026-02-21 22:06:14 |t č. 27-51 + príl. |w 2026-02-21 |y PREZ |z Príl.: Financie 2003 (č. 42), Životné poistenie motorových vozidiel (č. 46), Vianoce sa blížia (č. 48), Vianočná a silvestrovská príloha (č. 50-51), Pohoda na víkend | ||
| 952 | |0 0 |1 0 |4 0 |7 0 |8 0 |a SNK |b SNK |d 2018-11-22 |i snk2018/24944 |l 0 |o snkČSA 1465/13/2004/1 |p 17A1341405 |r 2026-02-21 22:06:14 |t č. 1-26 + príl. |w 2026-02-21 |y PREZ |z Príl.: Financie (č. 8, č. 12, č. 17, č. 22, č. 26), Moderné bývanie (č. 13, č. 24), Volebná príloha (č.14, č. 16), Životný štýl (č. 17) | ||
| 952 | |0 0 |1 0 |4 0 |7 0 |8 0 |a SNK |b SNK |d 2018-11-22 |i snk2018/24955 |l 0 |o snkČSA 1465/13/2004/2 |p 17A1341406 |r 2026-02-21 22:06:14 |t č. 27-43 + príl. |w 2026-02-21 |y PREZ |z Príl.: Moderné bývanie (č. 43) | ||
| 952 | |0 0 |1 0 |4 0 |7 0 |a SNK |b SNK |d 2018-11-22 |i snkČSP 1881/2003 |l 0 |o snkČSA 1465/11/2002/1 |p 17A0961358 |r 2026-02-21 22:06:17 |t č. 1-26, neúplné |w 2026-02-21 |y PREZ |z Chýba č. 13 | ||
| 952 | |0 0 |1 0 |4 0 |7 0 |a SNK |b SNK |d 2018-11-22 |i snkČSP 1882/2003 |l 0 |o snkČSA 1465/11/2002/2 |p 17A0961359 |r 2026-02-21 22:06:17 |t č. 27-52 + príl. |w 2026-02-21 |y PREZ |z Príl.: Životný štýl (č. 45) | ||
| 952 | |0 0 |1 0 |4 0 |7 0 |8 0 |a SNK |b SNK |d 2018-11-22 |i snk2018/24931 |l 0 |o snkČSA 1465/12/2003/1 |p 17A1341403 |r 2026-02-21 22:06:17 |t č. 1-26 |w 2026-02-21 |y PREZ | ||


